[Event "Oberliga Ost-A 1314"]
[Site "Germany"]
[Date "2014.04.06"]
[Round "11.8"]
[White "Kulke, Tobias"]
[Black "Hansch, Torsten"]
[Result "1/2-1/2"]
[WhiteElo "2120"]
[BlackElo "2116"]
[PlyCount "50"]
[EventDate "2013.10.13"]
[EventType "team-tourn"]
[EventRounds "11"]
[EventCountry "GER"]
[SourceTitle "EXT 2015"]
[Source "ChessBase"]
[SourceDate "2014.11.20"]
[SourceVersion "1"]
[SourceVersionDate "2014.11.20"]
[SourceQuality "1"]
[WhiteTeam "Chemnitz"]
[BlackTeam "Magdeburg Rochade"]
[WhiteTeamCountry "GER"]
[BlackTeamCountry "GER"]

1. e4 c5 2. Nf3 d6 3. d4 cxd4 4. Nxd4 Nf6 5. f3 e5 6. Nb3 Be6 7. c4 Nxe4 8. fxe4 Qh4+ 9. Kd2 Qxe4 10. Nc3 Qg6 11. Qf3 Nc6 12. Bd3 f5 13. Rf1 e4 14. Nxe4 Ne5 15. Qe2 Nxd3 16. Nf6+ Qxf6 17. Kxd3 Qe5 18. Re1 Qxe2+ 19. Rxe2 Kd7 20. Nd4 Re8 21. Be3 a6 22. Rae1 g6 23. Bg5 Bf7 24. Rxe8 Bxe8 25. Ne6 Be7 1/2-1/2

[Event "Oberliga Ost-A 1213"]
[Site "Germany"]
[Date "2013.04.14"]
[Round "11.8"]
[White "Kulke, Tobias"]
[Black "Gempe, Anet"]
[Result "1/2-1/2"]
[WhiteElo "2140"]
[BlackElo "2009"]
[PlyCount "25"]
[EventDate "2012.10.14"]
[EventType "team-tourn"]
[EventRounds "11"]
[EventCountry "GER"]
[SourceTitle "EXT 2014"]
[Source "ChessBase"]
[SourceDate "2013.11.20"]
[SourceVersion "1"]
[SourceVersionDate "2013.11.20"]
[SourceQuality "1"]
[WhiteTeam "Chemnitz"]
[BlackTeam "Leipzig SG II"]
[WhiteTeamCountry "GER"]
[BlackTeamCountry "GER"]

1. e4 e6 2. d4 d5 3. exd5 exd5 4. Bd3 Bd6 5. Nf3 Ne7 6. Bg5 f6 7. Bh4 0-0 8. 0-0 Bf5 9. c3 c6 10. Re1 Bxd3 11. Qxd3 Ng6 12. Nbd2 Na6 13. Bg3 1/2-1/2

[Event "Oberliga Ost-A 1213"]
[Site "Germany"]
[Date "2013.02.24"]
[Round "8.8"]
[White "Kulke, Tobias"]
[Black "Liebscher, Sebastian"]
[Result "0-1"]
[WhiteElo "2140"]
[BlackElo "2045"]
[PlyCount "34"]
[EventDate "2012.10.14"]
[EventType "team-tourn"]
[EventRounds "11"]
[EventCountry "GER"]
[SourceTitle "EXT 2014"]
[Source "ChessBase"]
[SourceDate "2013.11.20"]
[SourceVersion "1"]
[SourceVersionDate "2013.11.20"]
[SourceQuality "1"]
[WhiteTeam "Chemnitz"]
[BlackTeam "Coswig"]
[WhiteTeamCountry "GER"]
[BlackTeamCountry "GER"]

1. e4 c5 2. Nf3 e6 3. d4 cxd4 4. Nxd4 Nf6 5. Nc3 Nc6 6. Bg5 Bb4 7. Nxc6 bxc6 8. e5 Qa5 9. Qd4 Ng4 10. f4 Bc5 11. Qd2 Bf2+ 12. Ke2 h6 13. Be7 Be3 14. Qd6 Bxf4 15. Kf3 Bxe5 16. Qb4 Qxb4 17. Bxb4 f5 0-1

[Event "Oberliga Ost-A 1213"]
[Site "Germany"]
[Date "2013.01.13"]
[Round "5.6"]
[White "Nake, Matthias"]
[Black "Kulke, Tobias"]
[Result "1/2-1/2"]
[WhiteElo "2142"]
[BlackElo "2140"]
[PlyCount "64"]
[EventDate "2012.10.14"]
[EventType "team-tourn"]
[EventRounds "11"]
[EventCountry "GER"]
[SourceTitle "EXT 2014"]
[Source "ChessBase"]
[SourceDate "2013.11.20"]
[SourceVersion "1"]
[SourceVersionDate "2013.11.20"]
[SourceQuality "1"]
[WhiteTeam "Dresden Gruen Weiss"]
[BlackTeam "Chemnitz"]
[WhiteTeamCountry "GER"]
[BlackTeamCountry "GER"]

1. e4 c5 2. c4 Nc6 3. Nc3 g6 4. g3 Bg7 5. Bg2 d6 6. d3 Nf6 7. Nge2 0-0 8. 0-0 Ne8 9. f4 Bg4 10. h3 Bxe2 11. Nxe2 Nc7 12. Rb1 Ne6 13. f5 Ned4 14. Bg5 h6 15. Be3 Nxe2+ 16. Qxe2 Kh7 17. h4 Rb8 18. Bh3 b5 19. b3 Qa5 20. Rf2 Qc3 21. Rc1 Nd4 22. Qd1 Qa5 23. Kg2 Qb6 24. Qg4 Qc6 25. fxg6+ fxg6 26. Rcf1 bxc4 27. bxc4 Nf5 28. Bc1 Nd4 29. h5 g5 30. Be3 Rxf2+ 31. Rxf2 Qe8 32. Qd1 e6 1/2-1/2

[Event "Oberliga Ost-A 1213"]
[Site "Germany"]
[Date "2012.11.11"]
[Round "3.7"]
[White "Pesztericz, Laszlo"]
[Black "Kulke, Tobias"]
[Result "1-0"]
[WhiteElo "2133"]
[BlackElo "2140"]
[PlyCount "133"]
[EventDate "2012.10.14"]
[EventType "team-tourn"]
[EventRounds "11"]
[EventCountry "GER"]
[SourceTitle "EXT 2014"]
[Source "ChessBase"]
[SourceDate "2013.11.20"]
[SourceVersion "1"]
[SourceVersionDate "2013.11.20"]
[SourceQuality "1"]
[WhiteTeam "Magdeburg Rochade"]
[BlackTeam "Chemnitz"]
[WhiteTeamCountry "GER"]
[BlackTeamCountry "GER"]

1. e4 c5 2. Nc3 Nc6 3. g3 g6 4. Bg2 Bg7 5. d3 d6 6. Be3 e5 7. Qd2 Nge7 8. f4 exf4 9. Bxf4 Be6 10. Nf3 Qb6 11. 0-0 Nd4 12. Kh1 0-0 13. Nd1 Nxf3 14. Bxf3 d5 15. Bh6 dxe4 16. Bxe4 Rad8 17. Bxg7 Kxg7 18. Qc3+ f6 19. Ne3 Nd5 20. Nxd5 Bxd5 21. Bxd5 Rxd5 22. Rae1 Rf7 23. Re4 Qc6 24. Kg1 Rg5 25. Qe1 h5 26. Qe3 Qd6 27. Re6 Re5 28. Rfxf6 Rxe3 29. Rxf7+ Kxf7 30. Rxd6 Re2 31. Rd7+ Ke6 32. Rxb7 Rxc2 33. a4 a5 34. Rb5 Kd5 35. Rxa5 Rxb2 36. Ra8 Kd4 37. a5 Kxd3 38. a6 Ra2 39. a7 Kc4 40. h4 Ra3 41. Kf2 Kc3 42. Ke3 Kc2+ 43. Kf4 c4 44. Ke5 Ra6 45. Kd4 c3 46. Ke5 Kc1 47. Rc8 Rxa7 48. Rxc3+ Kd2 49. Rc6 Ra5+ 50. Kf6 Ra3 51. Kxg6 Rxg3+ 52. Kxh5 Rg1 53. Re6 Kd3 54. Kh6 Kd4 55. h5 Kd5 56. Re2 Kd6 57. Kh7 Kd7 58. h6 Kd6 59. Re8 Rh1 60. Kg7 Rg1+ 61. Kh8 Rh1 62. h7 Kd7 63. Rg8 Ke7 64. Kg7 Rg1+ 65. Kh6 Rh1+ 66. Kg6 Rg1+ 67. Kf5 1-0

[Event "Oberliga Ost-A 1112"]
[Site "Germany"]
[Date "2011.11.20"]
[Round "4.8"]
[White "Schwarz, Hans"]
[Black "Kulke, Tobias"]
[Result "0-1"]
[WhiteElo "1993"]
[BlackElo "2134"]
[PlyCount "96"]
[EventDate "2011.09.25"]
[EventType "team-tourn"]
[EventRounds "11"]
[EventCountry "GER"]
[SourceTitle "EXT 2013"]
[Source "ChessBase"]
[SourceDate "2012.11.22"]
[SourceVersion "1"]
[SourceVersionDate "2012.11.22"]
[SourceQuality "1"]
[WhiteTeam "Magdeburg Rochade"]
[BlackTeam "Chemnitz"]
[WhiteTeamCountry "GER"]
[BlackTeamCountry "GER"]

1. e4 c5 2. Nc3 e6 3. f4 Qc7 4. d3 d6 5. Nf3 Nd7 6. Be2 Ngf6 7. 0-0 a6 8. a4 b6 9. b3 Bb7 10. Bb2 d5 11. e5 d4 12. exf6 dxc3 13. Bxc3 gxf6 14. Nd2 Rg8 15. Bf3 0-0-0 16. Bxb7+ Qxb7 17. Qf3 f5 18. Nc4 Be7 19. Qxb7+ Kxb7 20. Rf3 h5 21. Rb1 Nf6 22. Bxf6 Bxf6 23. Ne5 Bxe5 24. fxe5 Rd4 25. Rbf1 Kc6 26. h3 b5 27. axb5+ axb5 28. Ra1 Rd7 29. Re3 Kd5 30. Kf2 Kd4 31. g3 Rd5 32. Rae1 Ra8 33. c4 Rdd8 34. cxb5 Rdb8 35. Rc1 Rxb5 36. Rc4+ Kd5 37. Rh4 Rxb3 38. Rxh5 Ra2+ 39. Kf3 Raa3 40. Rh8 Rxd3 41. Rd8+ Kc4 42. Rdxd3 Rxd3 43. Rxd3 Kxd3 44. h4 c4 45. h5 c3 46. h6 c2 47. h7 c1Q 48. h8Q Qf1# 0-1

[Event "Oberliga Ost-A 0910"]
[Site "Germany"]
[Date "2010.04.10"]
[Round "10.8"]
[White "Schaefer, Reyk"]
[Black "Kulke, Tobias"]
[Result "1/2-1/2"]
[WhiteElo "2155"]
[BlackElo "2144"]
[PlyCount "135"]
[EventDate "2009.10.18"]
[EventType "team-tourn"]
[EventRounds "11"]
[EventCountry "GER"]
[SourceTitle "EXT 2011"]
[Source "ChessBase"]
[SourceDate "2010.11.26"]
[SourceVersion "1"]
[SourceVersionDate "2010.11.26"]
[SourceQuality "1"]
[WhiteTeam "Loeberitz"]
[BlackTeam "Chemnitz"]
[WhiteTeamCountry "GER"]
[BlackTeamCountry "GER"]

1. d4 f5 2. Nf3 Nf6 3. g3 d5 4. Bg2 e6 5. 0-0 Bd6 6. c4 c6 7. b3 b5 8. Bb2 Nbd7 9. Nbd2 0-0 10. Ne5 Bxe5 11. dxe5 Ng4 12. cxd5 cxd5 13. Nf3 Qb6 14. e3 b4 15. h3 Nh6 16. Nd4 Nxe5 17. Nxe6 Bxe6 18. Bxe5 Nf7 19. Bd4 Qb7 20. Rc1 Rac8 21. Qd2 Rfd8 22. Rfd1 a5 23. Bb2 Ng5 24. Qd4 Ne4 25. Qe5 Qf7 26. h4 Nf6 27. Qd4 Qb7 28. Rc5 Qa8 29. Rdc1 Kf7 30. Rc7+ Rxc7 31. Rxc7+ Rd7 32. Rc5 Qa7 33. Bf1 Ke7 34. Rc6 Rc7 35. Qxa7 Rxa7 36. Bd4 Ra8 37. Bc5+ Kf7 38. Rc7+ Kg6 39. Bd3 a4 40. Rc6 Kf7 41. bxa4 Rxa4 42. Ra6 Rxa6 43. Bxa6 d4 44. exd4 Bxa2 45. Bxb4 Nd5 46. Bc5 Kf6 47. Bd6 g5 48. Be5+ Kg6 49. hxg5 Kxg5 50. Be2 f4 51. Kg2 fxg3 52. Kxg3 Ne7 53. f4+ Kg6 54. Bd3+ Nf5+ 55. Kf3 h5 56. Be4 Be6 57. d5 Bd7 58. d6 Kf7 59. Bd5+ Kg6 60. Kf2 Nh4 61. Be4+ Nf5 62. Ke2 Kf7 63. Bd5+ Kg6 64. Bf3 Nh4 65. Be4+ Nf5 66. Kd3 Kf7 67. Kc4 h4 68. Kc5 1/2-1/2

[Event "Oberliga Ost-A 0910"]
[Site "Germany"]
[Date "2010.01.23"]
[Round "6.8"]
[White "Bunke, Wilfried"]
[Black "Kulke, Tobias"]
[Result "1/2-1/2"]
[WhiteElo "2001"]
[BlackElo "2144"]
[PlyCount "42"]
[EventDate "2009.10.18"]
[EventType "team-tourn"]
[EventRounds "11"]
[EventCountry "GER"]
[SourceTitle "EXT 2011"]
[Source "ChessBase"]
[SourceDate "2010.11.26"]
[SourceVersion "1"]
[SourceVersionDate "2010.11.26"]
[SourceQuality "1"]
[WhiteTeam "Jena Schott"]
[BlackTeam "Chemnitz"]
[WhiteTeamCountry "GER"]
[BlackTeamCountry "GER"]

1. d4 f5 2. g3 Nf6 3. Bg2 d5 4. Nf3 e6 5. 0-0 Bd6 6. c4 c6 7. Qc2 0-0 8. Nc3 Nbd7 9. b3 Ne4 10. Bb2 Qf6 11. Rad1 Rb8 12. a4 Rf7 13. e3 b6 14. Nd2 Nxd2 15. Rxd2 Ba6 16. Na2 e5 17. dxe5 Bxe5 18. Rfd1 Bxb2 19. Qxb2 dxc4 20. Qxf6 Nxf6 21. Nb4 Bb7 1/2-1/2

[Event "GER-chT U20"]
[Site "Chemnitz"]
[Date "2009.12.30"]
[Round "7.1"]
[White "Kulke, Tobias"]
[Black "Hoegy, Kevin"]
[Result "0-1"]
[WhiteElo "2144"]
[BlackElo "2145"]
[PlyCount "66"]
[EventDate "2009.12.27"]
[EventType "team-swiss"]
[EventRounds "7"]
[EventCountry "GER"]
[SourceTitle "EXT 2022"]
[Source "ChessBase"]
[SourceDate "2021.10.06"]
[SourceVersion "1"]
[SourceVersionDate "2021.10.06"]
[SourceQuality "1"]
[WhiteTeam "Chemnitz USG U20"]
[BlackTeam "Neuberg U20"]
[WhiteTeamCountry "GER"]
[BlackTeamCountry "GER"]

1. e4 e5 2. Nf3 Nc6 3. Bb5 Nf6 4. 0-0 Nxe4 5. Re1 Nd6 6. Bxc6 dxc6 7. Nxe5 Be7 8. d4 0-0 9. Bf4 Be6 10. Nd2 Nf5 11. c3 c5 12. dxc5 Bxc5 13. Ne4 Qxd1 14. Raxd1 Be7 15. Nd7 Rfe8 16. Nec5 Bxd7 17. Nxd7 Bd6 18. Ne5 g5 19. Bxg5 Rxe5 20. Rxe5 Bxe5 21. Rd5 Re8 22. f4 f6 23. Bxf6 Bxf6 24. Rxf5 Kg7 25. Kf2 Rd8 26. Ke2 Rd6 27. Rc5 c6 28. Ra5 a6 29. g4 Bd8 30. Rh5 Bc7 31. Rg5+ Rg6 32. Rxg6+ hxg6 33. Kf3 g5 0-1

[Event "Oberliga Ost-A 0910"]
[Site "Germany"]
[Date "2009.11.14"]
[Round "2.8"]
[White "Nerlich, Vincent"]
[Black "Kulke, Tobias"]
[Result "1/2-1/2"]
[WhiteElo "1904"]
[BlackElo "2144"]
[PlyCount "85"]
[EventDate "2009.10.18"]
[EventType "team-tourn"]
[EventRounds "11"]
[EventCountry "GER"]
[SourceTitle "EXT 2011"]
[Source "ChessBase"]
[SourceDate "2010.11.26"]
[SourceVersion "1"]
[SourceVersionDate "2010.11.26"]
[SourceQuality "1"]
[WhiteTeam "Leipzig VfB"]
[BlackTeam "Chemnitz"]
[WhiteTeamCountry "GER"]
[BlackTeamCountry "GER"]

1. e4 c5 2. b3 Nc6 3. Bb2 d6 4. Bb5 Nf6 5. d3 Bd7 6. c4 Nd4 7. Bxd7+ Qxd7 8. Ne2 e5 9. 0-0 g6 10. Nbc3 Bg7 11. f4 0-0 12. fxe5 Ng4 13. Nd5 dxe5 14. Ng3 Kh8 15. h3 Nh6 16. Qd2 f5 17. exf5 Nhxf5 18. Ne4 b6 19. Rae1 Rae8 20. Qd1 Qd8 21. Bc1 h6 22. Qg4 Kh7 23. Qd1 Nd6 24. Bd2 Rxf1+ 25. Rxf1 Nxe4 26. dxe4 Rf8 27. Rxf8 Qxf8 28. Qf1 Kg8 29. Qxf8+ Kxf8 30. Kf2 Ke8 31. Nc7+ Kd7 32. Nd5 Kd6 33. Nc3 Kc6 34. Nd5 Kd6 35. g4 Ne6 36. Kg3 g5 37. Ne3 Bf8 38. Nf5+ Kd7 39. h4 Kc6 40. a4 a5 41. hxg5 hxg5 42. Kf3 Kd7 43. Ke2 1/2-1/2

[Event "Chemnitz op 8th"]
[Site "Chemnitz"]
[Date "2009.10.03"]
[Round "5"]
[White "Schenk, Alexander"]
[Black "Kulke, Tobias"]
[Result "0-1"]
[WhiteElo "2301"]
[BlackElo "2144"]
[PlyCount "86"]
[EventDate "2009.10.01"]
[EventType "swiss"]
[EventRounds "7"]
[EventCountry "GER"]
[SourceTitle "CBM 132 Extra"]
[Source "ChessBase"]
[SourceDate "2009.11.03"]
[SourceVersion "1"]
[SourceVersionDate "2009.11.03"]
[SourceQuality "1"]

1. d4 d5 2. c4 e6 3. Nc3 f5 4. Nf3 Nf6 5. Bf4 c6 6. e3 Be7 7. Bd3 0-0 8. Qc2 Ne4 9. h3 Nd7 10. 0-0-0 Qa5 11. Kb1 Nxc3+ 12. Qxc3 Qxc3 13. bxc3 Nf6 14. Kb2 Bd7 15. Ne5 Be8 16. f3 dxc4 17. Bxc4 Nd5 18. Rhe1 Bf7 19. Bb3 Rad8 20. Bg3 Nf6 21. Bh4 h6 22. Bf2 Bd6 23. Nxf7 Kxf7 24. e4 fxe4 25. fxe4 Bc7 26. Bg1 Rd7 27. Rf1 Ke7 28. Rfe1 Rfd8 29. c4 Bb6 30. d5 Bxg1 31. e5 Bh2 32. exf6+ Kxf6 33. Rxe6+ Kf7 34. Rf1+ Kg8 35. Rg6 Be5+ 36. Kc2 cxd5 37. cxd5 Rd6 38. Re6 Bf6 39. Rfe1 Kf7 40. Kd3 R8d7 41. Ke4 Re7 42. Rc1 Ke8 43. Rc7 Rdxe6+ 0-1

[Event "Chemnitz op 8th"]
[Site "Chemnitz"]
[Date "2009.10.02"]
[Round "2"]
[White "Kulke, Tobias"]
[Black "Luther, Thomas"]
[Result "0-1"]
[WhiteElo "2144"]
[BlackElo "2559"]
[PlyCount "76"]
[EventDate "2009.10.01"]
[EventType "swiss"]
[EventRounds "7"]
[EventCountry "GER"]
[SourceTitle "CBM 132 Extra"]
[Source "ChessBase"]
[SourceDate "2009.11.03"]
[SourceVersion "1"]
[SourceVersionDate "2009.11.03"]
[SourceQuality "1"]

1. e4 e6 2. d4 d5 3. exd5 exd5 4. Bd3 c5 5. dxc5 Bxc5 6. Nf3 Nf6 7. 0-0 0-0 8. Bg5 h6 9. Bh4 g5 10. Bg3 Ne4 11. c4 Nxg3 12. hxg3 dxc4 13. Bxc4 Qxd1 14. Rxd1 Nc6 15. Nc3 Bg4 16. Ne4 Be7 17. Rd2 Rad8 18. Rad1 Rxd2 19. Rxd2 Kg7 20. Kf1 Rc8 21. Bd5 Nb4 22. Bb3 Rc1+ 23. Ke2 Nc6 24. a3 Na5 25. Ba2 Nc4 26. Bxc4 Rxc4 27. Nd6 Bxd6 28. Rxd6 Rc2+ 29. Rd2 Bxf3+ 30. gxf3 Rxd2+ 31. Kxd2 Kf6 32. Ke3 Kf5 33. b4 b5 34. Ke2 Ke5 35. Ke3 h5 36. f4+ gxf4+ 37. gxf4+ Kf5 38. Kf3 h4 0-1

[Event "Sachsen-ch U16"]
[Site "Sebnitz"]
[Date "2005.04.01"]
[Round "6"]
[White "Kulke, Tobias"]
[Black "Urbitsch, Enrico"]
[Result "1/2-1/2"]
[WhiteElo "1766"]
[BlackElo "1661"]
[PlyCount "50"]
[EventDate "2005.03.29"]
[EventType "swiss"]
[EventRounds "7"]
[EventCountry "GER"]
[SourceTitle "EXT 2007"]
[Source "ChessBase"]
[SourceDate "2006.11.23"]
[SourceVersion "1"]
[SourceVersionDate "2006.11.23"]
[SourceQuality "1"]

1. f4 g6 2. Nf3 Bg7 3. e3 c5 4. d4 cxd4 5. exd4 Nf6 6. b3 d5 7. Bb2 Bg4 8. Be2 Nc6 9. Ne5 Bxe2 10. Qxe2 0-0 11. 0-0 Re8 12. Nd2 e6 13. c4 Rc8 14. Ndf3 Qb6 15. c5 Qc7 16. a3 Nd7 17. b4 f6 18. Nxd7 Qxd7 19. Qd3 e5 20. dxe5 fxe5 21. fxe5 Nxe5 22. Bxe5 Bxe5 23. Rad1 Rcd8 24. Nxe5 Rxe5 25. b5 d4 1/2-1/2